Love´s Burning Flame
में बचाया:
| मुख्य लेखक: | |
|---|---|
| स्वरूप: | पुस्तक |
| भाषा: | Undetermined |
| प्रकाशित: |
New York, Estados Unidos
Bantam Books
1979
|
| विषय: | |
| टैग: |
टैग जोड़ें
कोई टैग नहीं, इस रिकॉर्ड को टैग करने वाले पहले व्यक्ति बनें!
|
MARC
| LEADER | 00000nam a2200000Ia 4500 | ||
|---|---|---|---|
| 008 | 170316s9999 xx 000 0 und d | ||
| 999 | |c 5465 |d 5465 | ||
| 040 | |a cru BVZT | ||
| 090 | |a 810 B-4L | ||
| 100 | |a Bancroft, Iris | ||
| 245 | |a Love´s Burning Flame |c / Iris Bancroft | ||
| 260 | |a New York, Estados Unidos |b Bantam Books |c 1979 | ||
| 300 | |a 395 páginas | ||
| 650 | |a LITERATURA ESTADOUNIDENSE |9 25 | ||
| 650 | |a NOVELA DE AMOR | ||
| 942 | |c 15 D |h 810 B-4L |2 z | ||
